000 00986nam0a22003011 4500
001 RU\INFOCOMM_322\NLR\5000278329
005 20260405065422.0
035 _a(NLR Aleph) 010627277
090 _a10623536
_c10623536
100 _a20130329d1977 |||y0rusy50 ca
101 1 _aeng
102 _aRU
105 _ay z||||
200 1 _aˆThe ‰knight in the tiger skin
_ePoem
_fShot'ha Rust'hveli
_g[Transl. by Marjory Scott Wardrop
_gIll. by I. Toidze
205 _a2d. print.]
210 _aM.
_c"Progress"
_d1977
215 _a432 с.
_cил., портр.
_d25 см
300 _aДоп. тит. л. на груз. яз.
620 _aМосква
686 _aЛх-груз. П.
_2rubbk
700 1 _8rus
_7ba
_aRustaveli
_bŠ.
_f12 в.
_gŠota
_3RU\NLR\AUTH\7723215
_96269
702 1 _aWardrop
_bM. S.
_f1869-1909
_gMarjory Scott
_4730
801 1 _aRU
_bInfocomm
_c20130329
801 0 _aRU
_bINFOCOMM
_gPSBO
852 _aNLR
_jЛ41 Д-7/11
942 _cBOOK
980 _aNB